[Event "Adelaide op"]
[Site "Adelaide"]
[Date "2009.08.25"]
[Round "7"]
[White "Cloudsdale, Colin"]
[Black "Juszczynski, Mathew"]
[Result "1-0"]
[WhiteElo "2081"]
[BlackElo "1938"]
[PlyCount "79"]
[EventDate "2009.07.14"]
[EventType "swiss"]
[EventRounds "9"]
[EventCountry "AUS"]
[SourceTitle "EXT 2023"]
[Source "ChessBase"]
[SourceDate "2022.10.05"]
[SourceVersion "1"]
[SourceVersionDate "2022.10.05"]
[SourceQuality "1"]

1. e4 c5 2. Nf3 d6 3. d4 cxd4 4. Nxd4 Nf6 5. Nc3 a6 6. Be2 e5 7. Nb3 Be7 8. f4 0-0 9. 0-0 b5 10. a4 b4 11. Nd5 Nxd5 12. exd5 Nd7 13. Kh1 Qc7 14. Be3 Bb7 15. Rc1 exf4 16. Rxf4 Bg5 17. Rc4 Qd8 18. Bxg5 Qxg5 19. Bf3 Ne5 20. Rxb4 Rab8 21. Rd4 Rfe8 22. Nd2 f5 23. c4 a5 24. Qg1 Bc8 25. b3 Nd7 26. Rf1 Nc5 27. Bd1 Bd7 28. Rdf4 Nd3 29. g3 Nxf4 30. gxf4 Qf6 31. Nf3 Re4 32. Qa7 Rd8 33. Ng5 Ree8 34. Qxa5 Qd4 35. Ne6 Bxe6 36. dxe6 d5 37. c5 Rc8 38. Bf3 Rxc5 39. Qa7 Qd3 40. Qf7+ 1-0

[Event "Canberra ANU op"]
[Site "Canberra"]
[Date "2009.07.25"]
[Round "4"]
[White "Juszczynski, Mathew"]
[Black "Ng, Isaac"]
[Result "0-1"]
[WhiteElo "1872"]
[BlackElo "1669"]
[PlyCount "83"]
[EventDate "2009.07.25"]
[EventType "swiss"]
[EventRounds "7"]
[EventCountry "AUS"]
[SourceTitle "EXT 2011"]
[Source "ChessBase"]
[SourceDate "2010.11.26"]
[SourceVersion "1"]
[SourceVersionDate "2010.11.26"]
[SourceQuality "1"]

1. d4 Nf6 2. Bg5 Ne4 3. Bf4 d5 4. f3 Nf6 5. c4 e6 6. Nc3 c5 7. cxd5 exd5 8. e3 a6 9. Bd3 Nc6 10. Nge2 Be7 11. 0-0 0-0 12. Rc1 cxd4 13. Nxd4 Nxd4 14. exd4 Qb6 15. Rf2 Be6 16. Na4 Qa7 17. Nc5 Rac8 18. b4 a5 19. a3 b6 20. Nxe6 fxe6 21. Rfc2 Rxc2 22. Qxc2 axb4 23. axb4 Bxb4 24. Be5 g6 25. Qc6 Qe7 26. Bxf6 Qxf6 27. Qxb6 Bd2 28. Rc6 Be3+ 29. Kf1 Bxd4 30. Qa6 Qh4 31. Rc2 Re8 32. Qc6 Re7 33. Qd6 Kf7 34. Bb5 Ba7 35. Qe5 Qb4 36. Bd3 Qb1+ 37. Ke2 Qb6 38. Qf4+ Kg7 39. Qe5+ Kf7 40. Qf4+ Ke8 41. g4 Rb7 42. Qa4+ 0-1

[Event "Adelaide Interclub-A"]
[Site "Adelaide"]
[Date "2009.06.30"]
[Round "9.2"]
[White "Juszczynski, Mathew"]
[Black "Kelly, Jonathan"]
[Result "1/2-1/2"]
[WhiteElo "1872"]
[BlackElo "1789"]
[PlyCount "82"]
[EventDate "2009.05.05"]
[EventType "team-tourn"]
[EventRounds "9"]
[EventCountry "AUS"]
[SourceTitle "EXT 2023"]
[Source "ChessBase"]
[SourceDate "2022.10.05"]
[SourceVersion "1"]
[SourceVersionDate "2022.10.05"]
[SourceQuality "1"]

1. c4 c5 2. Nc3 Nc6 3. e4 e6 4. Nf3 g6 5. d4 cxd4 6. Nxd4 a6 7. Be3 Bg7 8. Be2 Nge7 9. 0-0 0-0 10. Qd2 b6 11. Rfd1 Nxd4 12. Bxd4 Nc6 13. Bxg7 Kxg7 14. Qd6 Qe7 15. f4 Qxd6 16. Rxd6 e5 17. g3 h5 18. h4 f5 19. exf5 Rxf5 20. Bd3 Rf6 21. Rxf6 Kxf6 22. Nd5+ Kf7 23. Nxb6 Rb8 24. c5 Nb4 25. Be4 d5 26. Nxd5 Bb7 27. Bxg6+ Kxg6 28. Nxb4 exf4 29. gxf4 Be4 30. Nxa6 Rxb2 31. a4 Rg2+ 32. Kf1 Rh2 33. Ra3 Rh1+ 34. Kf2 Rxh4 35. a5 Rxf4+ 36. Ke2 h4 37. Nb8 Rf8 38. Nd7 Rh8 39. Ke3 Ba8 40. c6 h3 41. Ra1 Kf5 1/2-1/2

[Event "Oceania zt"]
[Site "Gold Coast"]
[Date "2009.06.20"]
[Round "1"]
[White "Juszczynski, Mathew"]
[Black "Steadman, Michael VR"]
[Result "1/2-1/2"]
[WhiteElo "1914"]
[BlackElo "2262"]
[PlyCount "62"]
[EventDate "2009.06.20"]
[EventType "swiss"]
[EventRounds "9"]
[EventCountry "AUS"]
[SourceTitle "CBM 130 Extra"]
[Source "ChessBase"]
[SourceDate "2009.07.02"]
[SourceVersion "2"]
[SourceVersionDate "2009.07.15"]
[SourceQuality "1"]

1. c4 f5 2. d4 Nf6 3. Nc3 g6 4. Nf3 Bg7 5. g3 d6 6. Bg2 0-0 7. 0-0 c6 8. b3 a6 9. Bb2 b5 10. Qc2 Qb6 11. Rad1 e6 12. Rfe1 Ra7 13. Nb1 Ne4 14. Nbd2 d5 15. c5 Qd8 16. b4 a5 17. a3 axb4 18. axb4 Ra4 19. Bc3 Na6 20. Rb1 g5 21. Ne5 Bxe5 22. dxe5 Nxc3 23. Qxc3 d4 24. Qf3 Nxb4 25. Qh5 Rf7 26. Red1 Nd5 27. Bxd5 Qxd5 28. Qxg5+ Rg7 29. Qf6 Rf7 30. Qg5+ Rg7 31. Qf6 Rf7 1/2-1/2

[Event "Adelaide Queen's Birthday op"]
[Site "Adelaide"]
[Date "2009.06.07"]
[Round "4"]
[White "Chapman, Mark"]
[Black "Juszczynski, Mathew"]
[Result "1-0"]
[WhiteElo "2290"]
[BlackElo "1872"]
[PlyCount "53"]
[EventDate "2009.06.06"]
[EventType "swiss"]
[EventRounds "6"]
[EventCountry "AUS"]
[SourceTitle "EXT 2023"]
[Source "ChessBase"]
[SourceDate "2022.10.05"]
[SourceVersion "1"]
[SourceVersionDate "2022.10.05"]
[SourceQuality "1"]

1. e4 c5 2. Nf3 d6 3. d4 cxd4 4. Nxd4 Nf6 5. Nc3 a6 6. Bg5 e6 7. f4 Qc7 8. Bxf6 gxf6 9. Qf3 b5 10. Bd3 b4 11. Nce2 h5 12. h4 Bb7 13. c3 d5 14. exd5 Bxd5 15. Be4 Bxe4 16. Qxe4 Ra7 17. 0-0-0 Be7 18. Nxe6 Qc6 19. Qe3 Qxe6 20. Qxa7 0-0 21. Nd4 Qe3+ 22. Kb1 bxc3 23. Qb7 Bc5 24. Nc2 Qxf4 25. Qd5 Qe5 26. Qf3 Bb6 27. Rd5 1-0

[Event "Adelaide Queen's Birthday op"]
[Site "Adelaide"]
[Date "2009.06.07"]
[Round "5"]
[White "Juszczynski, Mathew"]
[Black "Mdinaradze, Edgar"]
[Result "0-1"]
[WhiteElo "1872"]
[BlackElo "1853"]
[PlyCount "99"]
[EventDate "2009.06.06"]
[EventType "swiss"]
[EventRounds "6"]
[EventCountry "AUS"]
[SourceTitle "EXT 2023"]
[Source "ChessBase"]
[SourceDate "2022.10.05"]
[SourceVersion "1"]
[SourceVersionDate "2022.10.05"]
[SourceQuality "1"]

1. d4 d5 2. c4 Nf6 3. cxd5 Nxd5 4. Nf3 c6 5. e4 Nf6 6. Nc3 Bg4 7. Be2 h6 8. h3 Bh5 9. g4 Bg6 10. e5 Ne4 11. e6 Nxc3 12. bxc3 f6 13. Bd3 Bxd3 14. Qxd3 Qa5 15. 0-0 g5 16. Rb1 b6 17. c4 Na6 18. Bd2 Qa4 19. Rfd1 0-0-0 20. Qe2 h5 21. Be3 hxg4 22. hxg4 Bg7 23. Rd2 Nc7 24. Rbd1 Kb8 25. d5 cxd5 26. Nd4 Kb7 27. cxd5 Rxd5 28. Qf3 Rhd8 29. Nf5 Bf8 30. Rxd5 Rxd5 31. Rxd5 Qc6 32. Nxe7 Bxe7 33. Rf5 Nxe6 34. Qxc6+ Kxc6 35. Kf1 Nc7 36. Ke2 Kd6 37. Kd3 Ke6 38. a4 Bd6 39. Kc4 Be5 40. Bd4 Bxd4 41. Kxd4 a6 42. a5 bxa5 43. Rxa5 Kd6 44. Ke4 Ke6 45. f3 Kf7 46. Kf5 Ke7 47. Rc5 Kd6 48. Rc3 Nd5 49. Rd3 Kc5 50. Ke4 0-1

[Event "Adelaide Queen's Birthday op"]
[Site "Adelaide"]
[Date "2009.06.07"]
[Round "6"]
[White "Staak, Eric"]
[Black "Juszczynski, Mathew"]
[Result "0-1"]
[WhiteElo "1488"]
[BlackElo "1872"]
[PlyCount "120"]
[EventDate "2009.06.06"]
[EventType "swiss"]
[EventRounds "6"]
[EventCountry "AUS"]
[SourceTitle "EXT 2023"]
[Source "ChessBase"]
[SourceDate "2022.10.05"]
[SourceVersion "1"]
[SourceVersionDate "2022.10.05"]
[SourceQuality "1"]

1. e4 c5 2. d4 cxd4 3. c3 d3 4. c4 g6 5. Bxd3 Bg7 6. Nc3 d6 7. Nge2 Nf6 8. 0-0 0-0 9. Kh1 Nc6 10. f3 Bd7 11. Be3 Rc8 12. Rc1 b6 13. b3 Ne5 14. Bb1 Bc6 15. Bd4 e6 16. f4 Ned7 17. f5 Nc5 18. fxg6 hxg6 19. Ng3 a5 20. Be3 Qc7 21. Bg5 Ncd7 22. Qd2 Qb7 23. Rf4 d5 24. cxd5 exd5 25. Rh4 Nxe4 26. Ngxe4 dxe4 27. Bh6 e3 28. Qe2 Bxg2+ 29. Qxg2 Qxg2+ 30. Kxg2 Rxc3 31. Rxc3 Bxc3 32. Bxe3 Re8 33. Kf2 Nc5 34. Kf3 f5 35. Bd4 Bxd4 36. Rxd4 Kf7 37. b4 Ne6 38. Rd7+ Re7 39. Rd6 Rb7 40. bxa5 bxa5 41. Bc2 Ke7 42. Rd5 Rb4 43. Kf2 Rb2 44. Rd2 Rxa2 45. Re2 Rb2 46. Ke1 Kf6 47. Ba4 Rxe2+ 48. Kxe2 g5 49. Ke3 Ke5 50. Bc2 Nd4 51. Bd1 g4 52. Kd3 Nf3 53. h3 Kf4 54. hxg4 fxg4 55. Ke2 Kg3 56. Kf1 Kh2 57. Be2 a4 58. Bb5 a3 59. Be2 a2 60. Bd1 a1Q 0-1

[Event "Adelaide Queen's Birthday op"]
[Site "Adelaide"]
[Date "2009.06.06"]
[Round "1"]
[White "Juszczynski, Mathew"]
[Black "Kramer, Warren"]
[Result "1-0"]
[WhiteElo "1872"]
[BlackElo "1335"]
[PlyCount "109"]
[EventDate "2009.06.06"]
[EventType "swiss"]
[EventRounds "6"]
[EventCountry "AUS"]
[SourceTitle "EXT 2023"]
[Source "ChessBase"]
[SourceDate "2022.10.05"]
[SourceVersion "1"]
[SourceVersionDate "2022.10.05"]
[SourceQuality "1"]

1. d4 Nf6 2. c4 d6 3. Nc3 g6 4. e4 Bg7 5. Nf3 0-0 6. Be2 Nbd7 7. 0-0 e5 8. Bg5 Qe8 9. d5 Nh5 10. Qd2 f6 11. Bh6 Bxh6 12. Qxh6 Nf4 13. g3 Nxe2+ 14. Nxe2 Nc5 15. Nc3 Bg4 16. Qe3 Bxf3 17. Qxf3 a6 18. b4 Nd7 19. Qd3 f5 20. f3 fxe4 21. Nxe4 Qe7 22. Qe3 Rf5 23. c5 Nf6 24. Rad1 Nxe4 25. fxe4 Rxf1+ 26. Rxf1 Rf8 27. Rxf8+ Qxf8 28. Kg2 Qe8 29. Qg5 Kg7 30. h4 h6 31. Qg4 Qa4 32. Kh3 Qe8 33. h5 g5 34. Kg2 Qa4 35. Qf5 Qe8 36. g4 a5 37. cxd6 cxd6 38. b5 b6 39. a4 Qf7 40. Qc8 Qf4 41. Qd7+ Kg8 42. Qe6+ Kh7 43. Qg6+ Kh8 44. Qxh6+ Kg8 45. Qg6+ Kh8 46. Qe8+ Kg7 47. Qe7+ Kg8 48. Qd8+ Kg7 49. Qd7+ Kg8 50. Qe6+ Kg7 51. h6+ Kf8 52. Qxd6+ Kf7 53. Qd7+ Kf8 54. Qf5+ Qxf5 55. gxf5 1-0

[Event "Adelaide Interclub-A"]
[Site "Adelaide"]
[Date "2009.05.26"]
[Round "4.2"]
[White "Wedding, Robin"]
[Black "Juszczynski, Mathew"]
[Result "1/2-1/2"]
[WhiteElo "1890"]
[BlackElo "1872"]
[PlyCount "106"]
[EventDate "2009.05.05"]
[EventType "team-tourn"]
[EventRounds "9"]
[EventCountry "AUS"]
[SourceTitle "EXT 2023"]
[Source "ChessBase"]
[SourceDate "2022.10.05"]
[SourceVersion "1"]
[SourceVersionDate "2022.10.05"]
[SourceQuality "1"]

1. e4 c5 2. c3 d5 3. exd5 Qxd5 4. d4 Nc6 5. Nf3 Bg4 6. dxc5 Qxd1+ 7. Kxd1 e5 8. b4 a5 9. Bb5 Nge7 10. Kc2 Bxf3 11. gxf3 axb4 12. cxb4 0-0-0 13. Bxc6 Nxc6 14. a3 Nd4+ 15. Kc3 Nxf3 16. Nd2 Nxd2 17. Bxd2 e4 18. Be3 Rd3+ 19. Kc2 Be7 20. Rhd1 Rhd8 21. Rxd3 Rxd3 22. Rg1 g6 23. Kb2 Kd7 24. a4 Ke6 25. Rc1 Kd5 26. b5 Bf6+ 27. Ka2 Rc3 28. Rd1+ Rd3 29. Rxd3+ exd3 30. Kb3 Be5 31. h3 f5 32. c6 bxc6 33. bxc6 f4 34. Bd2 g5 35. Ba5 Kxc6 36. Kc4 f3 37. Bd2 h5 38. Bxg5 Bg3 39. Kxd3 Bxf2 40. Ke4 Bb6 41. Kxf3 Ba5 42. Kg3 Be1+ 43. Kf4 Kc5 44. Be7+ Kc4 45. Bd8 Kb4 46. a5 Kb5 47. Kg5 h4 48. Kg4 Ka6 49. Bxh4 Bxa5 50. Bf6 Be1 51. Be5 Kb7 52. Bg3 Bxg3 53. Kxg3 Kc7 1/2-1/2

[Event "South Australia-ch"]
[Site "Adelaide"]
[Date "2009.03.17"]
[Round "6"]
[White "Juszczynski, Mathew"]
[Black "Kerr, Bill"]
[Result "1-0"]
[WhiteElo "1919"]
[BlackElo "1967"]
[PlyCount "71"]
[EventDate "2009.02.10"]
[EventType "tourn"]
[EventRounds "9"]
[EventCountry "AUS"]
[SourceTitle "EXT 2023"]
[Source "ChessBase"]
[SourceDate "2022.10.05"]
[SourceVersion "1"]
[SourceVersionDate "2022.10.05"]
[SourceQuality "1"]

1. e4 Nc6 2. d4 d5 3. e5 Bf5 4. Nf3 e6 5. Be2 h6 6. b3 Nb4 7. Na3 c5 8. c3 Nc6 9. 0-0 Qa5 10. dxc5 Qxc3 11. Be3 a6 12. Rc1 Qb2 13. Nc2 Nge7 14. Ncd4 Be4 15. Nh4 g5 16. Nhf3 Bg7 17. Nxc6 Nxc6 18. Nd4 Bxe5 19. Nxc6 bxc6 20. Bh5 Ke7 21. Kh1 Bf6 22. f3 Bh7 23. f4 gxf4 24. Rf2 fxe3 25. Rxb2 Bxb2 26. Qf3 Bf5 27. Rf1 Bd4 28. Qf4 Bxc5 29. Qc7+ Kf6 30. Qxf7+ Ke5 31. Qc7+ Bd6 32. Qg7+ Ke4 33. Bf3+ Kd3 34. Rd1+ Kc2 35. Qd4 Rab8 36. Qxe3 1-0

[Event "South Australia-ch"]
[Site "Adelaide"]
[Date "2009.03.10"]
[Round "5"]
[White "Juszczynski, Mathew"]
[Black "Mdinaradze, Edgar"]
[Result "1-0"]
[WhiteElo "1919"]
[BlackElo "1971"]
[PlyCount "121"]
[EventDate "2009.02.10"]
[EventType "tourn"]
[EventRounds "9"]
[EventCountry "AUS"]
[SourceTitle "EXT 2023"]
[Source "ChessBase"]
[SourceDate "2022.10.05"]
[SourceVersion "1"]
[SourceVersionDate "2022.10.05"]
[SourceQuality "1"]

1. d4 d5 2. c4 c6 3. Nc3 Nf6 4. Nf3 e6 5. Bg5 Be7 6. e3 Nbd7 7. Bd3 Qa5 8. 0-0 a6 9. c5 h6 10. Bh4 g5 11. Bg3 Nh5 12. Be5 Nxe5 13. Nxe5 Ng7 14. f4 f5 15. Na4 Qc7 16. Nb6 Rb8 17. b4 0-0 18. a4 Bf6 19. b5 Bxe5 20. fxe5 axb5 21. axb5 Bd7 22. bxc6 Bxc6 23. g3 Qf7 24. Ra2 Qg6 25. Raf2 h5 26. Kh1 Qh6 27. Qd2 g4 28. Rg2 h4 29. gxh4 Rf7 30. Qf2 Rbf8 31. h3 gxh3 32. Rg5 Kh8 33. Qf4 Nh5 34. Qf3 Rh7 35. Rfg1 Be8 36. Nc8 Ng7 37. Qg3 Bh5 38. Ne7 Rf7 39. Ra1 Rf8 40. Rg1 Rf7 41. Nc8 Bg4 42. Nd6 Re7 43. Ra1 Ne8 44. Ra8 Qf8 45. Bb5 Bh5 46. Rxh5 Rxh5 47. Nxe8 Rh6 48. Nc7 Qxa8 49. Nxa8 Rg7 50. Qf2 Rg2 51. Qf3 Rxh4 52. Bf1 Rg8 53. Nc7 Rg6 54. Ne8 Kh7 55. Nf6+ Kh6 56. Qf2 Rgg4 57. Nxg4+ Rxg4 58. Bxh3 Re4 59. Kh2 Kg5 60. Qg3+ Kh5 61. Kg2 1-0

[Event "Adelaide Interclub-A"]
[Site "Adelaide"]
[Date "2008.06.24"]
[Round "9.2"]
[White "Ivkovic, Novica"]
[Black "Juszczynski, Mathew"]
[Result "0-1"]
[WhiteElo "1717"]
[BlackElo "1906"]
[PlyCount "82"]
[EventDate "2008.04.29"]
[EventType "team-tourn"]
[EventRounds "9"]
[EventCountry "AUS"]
[SourceTitle "EXT 2010"]
[Source "ChessBase"]
[SourceDate "2010.11.25"]
[SourceVersion "1"]
[SourceVersionDate "2010.11.25"]
[SourceQuality "1"]

1. f4 Nf6 2. Nf3 g6 3. e3 Bg7 4. d4 0-0 5. Bd3 c5 6. c3 d6 7. Qc2 Nc6 8. Nbd2 a6 9. Ne4 Nxe4 10. Bxe4 Qc7 11. h4 Bg4 12. Nh2 Qd7 13. g3 e5 14. d5 Ne7 15. 0-0 Bh3 16. Rf2 b5 17. b3 f5 18. Bf3 e4 19. Be2 Nxd5 20. Bd2 Nb6 21. Rc1 d5 22. Qd1 d4 23. h5 Rfd8 24. hxg6 hxg6 25. c4 b4 26. Nf1 d3 27. Bh5 gxh5 28. Qxh5 Bxf1 29. Kxf1 Qf7 30. Qh3 Nd7 31. Rh2 Nf6 32. Kg2 Qg6 33. Qh4 Kf7 34. Rch1 Ng4 35. Rh3 Rh8 36. Qxh8 Rxh8 37. Rxh8 Bxh8 38. Rxh8 Qf6 39. Ra8 Qb2 40. Ra7+ Kg6 41. Rxa6+ Nf6 0-1

[Event "Adelaide Interclub-A"]
[Site "Adelaide"]
[Date "2008.06.03"]
[Round "6.2"]
[White "Juszczynski, Mathew"]
[Black "Harrison, Richard"]
[Result "1-0"]
[WhiteElo "1906"]
[BlackElo "1085"]
[PlyCount "23"]
[EventDate "2008.04.29"]
[EventType "team-tourn"]
[EventRounds "9"]
[EventCountry "AUS"]
[SourceTitle "EXT 2010"]
[Source "ChessBase"]
[SourceDate "2010.11.25"]
[SourceVersion "1"]
[SourceVersionDate "2010.11.25"]
[SourceQuality "1"]

1. e4 e5 2. Nf3 Nc6 3. Bb5 f5 4. d3 fxe4 5. dxe4 Nf6 6. 0-0 Bc5 7. Bg5 d6 8. Nc3 h6 9. Bh4 Bd7 10. Nd5 g5 11. Nxg5 Nxd5 12. Qh5+ 1-0

[Event "Adelaide Interclub-A"]
[Site "Adelaide"]
[Date "2008.05.06"]
[Round "2.2"]
[White "Juszczynski, Mathew"]
[Black "Vosvotekas, Ross"]
[Result "1-0"]
[WhiteElo "1906"]
[BlackElo "1649"]
[PlyCount "57"]
[EventDate "2008.04.29"]
[EventType "team-tourn"]
[EventRounds "9"]
[EventCountry "AUS"]
[SourceTitle "EXT 2010"]
[Source "ChessBase"]
[SourceDate "2010.11.25"]
[SourceVersion "1"]
[SourceVersionDate "2010.11.25"]
[SourceQuality "1"]

1. e4 c5 2. c3 d5 3. exd5 Qxd5 4. d4 Nf6 5. Nf3 Bg4 6. dxc5 Qxd1+ 7. Kxd1 Ne4 8. Be3 e6 9. b4 Nd7 10. Be2 0-0-0 11. Kc2 Be7 12. Nd4 Bxe2 13. Nxe2 Ne5 14. Ng3 Nxg3 15. hxg3 Ng4 16. Re1 Bf6 17. Na3 a5 18. Rad1 Rxd1 19. Rxd1 Nxe3+ 20. fxe3 axb4 21. cxb4 h5 22. Nc4 Be7 23. Nb6+ Kb8 24. Rd7 Bg5 25. Rxf7 Bxe3 26. Rxg7 Rd8 27. Kb3 Rd1 28. Rg8+ Kc7 29. Rc8# 1-0

[Event "Adelaide SA-ch"]
[Site "Adelaide"]
[Date "2008.02.05"]
[Round "1"]
[White "Cloudsdale, Colin"]
[Black "Juszczynski, Mathew"]
[Result "1-0"]
[WhiteElo "1962"]
[BlackElo "1906"]
[PlyCount "75"]
[EventDate "2008.02.05"]
[EventType "tourn"]
[EventRounds "11"]
[EventCountry "AUS"]
[SourceTitle "EXT 2010"]
[Source "ChessBase"]
[SourceDate "2010.11.25"]
[SourceVersion "1"]
[SourceVersionDate "2010.11.25"]
[SourceQuality "1"]

1. e4 c5 2. Nf3 d6 3. d4 cxd4 4. Nxd4 Nf6 5. Nc3 a6 6. Bc4 e6 7. Bb3 Nbd7 8. Be3 Nc5 9. f3 Be7 10. Qd2 0-0 11. 0-0-0 Qc7 12. Kb1 b5 13. g4 b4 14. Nce2 a5 15. Nb5 Qb6 16. Nxd6 a4 17. Bc4 Ba6 18. Bxa6 Rxa6 19. Qd4 Nfd7 20. e5 b3 21. Nc3 bxa2+ 22. Kxa2 Rb8 23. Nce4 Bxd6 24. exd6 e5 25. Qc3 Ra5 26. Nxc5 Nxc5 27. Rd5 Qb7 28. Rxc5 Rxc5 29. Bxc5 Qd5+ 30. Kb1 Rc8 31. Qa5 Qxc5 32. Qxc5 Rxc5 33. Rd1 Rc8 34. d7 Rd8 35. c4 Kf8 36. c5 Ke7 37. c6 a3 38. b4 1-0

[Event "Adelaide-ch"]
[Site "Adelaide"]
[Date "2005.08.23"]
[Round "7"]
[White "Juszczynski, Mathew"]
[Black "Cooke, Tristrom"]
[Result "1-0"]
[WhiteElo "1754"]
[BlackElo "1584"]
[PlyCount "97"]
[EventDate "2005.07.12"]
[EventType "swiss"]
[EventRounds "7"]
[EventCountry "AUS"]
[SourceTitle "EXT 2010"]
[Source "ChessBase"]
[SourceDate "2010.11.25"]
[SourceVersion "1"]
[SourceVersionDate "2010.11.25"]
[SourceQuality "1"]

1. Nf3 Nf6 2. g3 d5 3. Bg2 c5 4. 0-0 Nc6 5. d3 e5 6. Nbd2 Be7 7. e4 d4 8. Nc4 Qc7 9. a4 Be6 10. Nfd2 Bxc4 11. Nxc4 Na5 12. Nxa5 Qxa5 13. f4 Bd6 14. Bd2 Qc7 15. Qe2 Qd7 16. f5 h6 17. a5 a6 18. Rab1 Qe7 19. Bf3 Nd7 20. Kg2 Nb8 21. Bh5 Nc6 22. f6 gxf6 23. Qg4 Kd8 24. Qg7 Kc7 25. Rxf6 Rag8 26. Qxf7 Qxf7 27. Rxf7+ Kc8 28. Rbf1 Be7 29. h3 Kd8 30. R1f5 Rf8 31. g4 Rfg8 32. Kg3 Kd7 33. Kf3 Nd8 34. Rxe5 Nxf7 35. Bxf7 Rf8 36. Rf5 Bg5 37. Be1 Ke7 38. Bd5 Rxf5+ 39. exf5 Rb8 40. Bg3 Rd8 41. Bxb7 Rd7 42. Bxa6 Ra7 43. Bc4 Rxa5 44. Ke4 Ra8 45. Kd5 Rc8 46. Bd6+ Kf6 47. Bxc5 Rd8+ 48. Ke4 Be3 49. b4 1-0

[Event "Adelaide-ch"]
[Site "Adelaide"]
[Date "2005.08.09"]
[Round "5"]
[White "Juszczynski, Mathew"]
[Black "Garcia Blanco, Miguel"]
[Result "1-0"]
[WhiteElo "1754"]
[BlackElo "1616"]
[PlyCount "113"]
[EventDate "2005.07.12"]
[EventType "swiss"]
[EventRounds "7"]
[EventCountry "AUS"]
[SourceTitle "EXT 2010"]
[Source "ChessBase"]
[SourceDate "2010.11.25"]
[SourceVersion "1"]
[SourceVersionDate "2010.11.25"]
[SourceQuality "1"]

1. Nf3 Nf6 2. g3 Nc6 3. d4 d5 4. Bg2 Bf5 5. 0-0 e6 6. c4 Bxb1 7. Rxb1 Be7 8. Qb3 Rb8 9. Bf4 0-0 10. cxd5 exd5 11. Rfd1 Ne4 12. Rbc1 g5 13. Be3 Bf6 14. Ne5 Ne7 15. Bh3 Bxe5 16. dxe5 Nc6 17. Rxd5 Qe7 18. Bf5 Nxf2 19. Bxf2 Nxe5 20. Qc2 Ng6 21. Qxc7 Qxe2 22. Re1 Qf3 23. Be4 Qg4 24. Rd7 Rbe8 25. Bxg6 Rxe1+ 26. Bxe1 hxg6 27. Rd8 Qe6 28. Rxf8+ Kxf8 29. Qd8+ Kg7 30. Bc3+ f6 31. Qc7+ Kh6 32. Qc5 Qxa2 33. Bxf6 Qb1+ 34. Kf2 Qf5+ 35. Qxf5 gxf5 36. Kf3 Kg6 37. Be5 Kf7 38. h4 gxh4 39. gxh4 Kg6 40. b4 Kh5 41. Bf6 Kg6 42. Bd8 Kh5 43. Kf4 Kg6 44. Bg5 a6 45. Bd8 b5 46. Be7 Kf7 47. Bd8 Kg6 48. Bb6 Kh5 49. Bf2 Kg6 50. Be1 Kf6 51. h5 Kg7 52. Kxf5 Kh6 53. Kg4 Kh7 54. Kg5 Kh8 55. Kg6 Kg8 56. h6 a5 57. h7+ 1-0